000 00919cam a22002174a 4500
005 20250605164028.0
008 250528s ||||||||||||||||||||||||d
035 _a16519
020 _a9602937769
040 _aGR-AtMCL
_bgre
_dGR-AtMCL
_eAACR2
245 1 _aΧίλια Πενήντα Μιλιμπάρς / Μυθιστόρημα
250 _a
260 _bΠατάκη,
_c1992
300 _a96
505 0 _aΟδοιπορικό μνήμης μιας ώριμης γυναίκας που πού αγάπησε, πολλά έδωσε και τελικά η ζωή της τα πήρε όλα.
520 _aΟδοιπορικό μνήμης μιας ώριμης γυναίκας που πού αγάπησε, πολλά έδωσε και τελικά η ζωή της τα πήρε όλα.
700 1 _aΜητροπούλου Κωστούλα
_92619
942 _cBK
999 _c2013
_d2013